Typical New Testament conversions. (Record no. 5090)

000 -LEADER
fixed length control field 00604nam a2200193 a 4500
001 - CONTROL NUMBER
control field :::00002831$&:&@@
003 - CONTROL NUMBER IDENTIFIER
control field OkBaRHE
005 - DATE AND TIME OF LATEST TRANSACTION
control field 20000607103257.0
008 - FIXED-LENGTH DATA ELEMENTS--GENERAL INFORMATION
fixed length control field j 000 0 eng u
040 ## - CATALOGING SOURCE
Transcribing agency
100 1# - MAIN ENTRY--PERSONAL NAME
Personal name Noble, Frederick A.
245 10 - TITLE STATEMENT
Title Typical New Testament conversions.
260 ## - PUBLICATION, DISTRIBUTION, ETC. (IMPRINT)
Place of publication, distribution, etc Manchester, UK:EN., :
Name of publisher, distributor, etc James Robinson
Date of publication, distribution, etc nd
300 ## - PHYSICAL DESCRIPTION
Extent 326 p. ;
Dimensions 20 cm.
650 ## - SUBJECT ADDED ENTRY--TOPICAL TERM
Topical term or geographic name as entry element Bible New Testament
General subdivision Biography
650 ## - SUBJECT ADDED ENTRY--TOPICAL TERM
Topical term or geographic name as entry element Converts, Christian
General subdivision Biography
942 ## - ADDED ENTRY ELEMENTS (KOHA)
Source of classification or shelving scheme
Koha item type Books
Copies
Barcode Date acquired Koha item type Permanent Location Date last seen Price effective from Lost status Shelving location Withdrawn status Not for loan Full call number Copy number Source of classification or shelving scheme Damaged status
28312010-04-14BooksRHEMA Bible Training College2018-03-162010-04-14 General Stacks  BS 2430 .N6T91